Statistics for Планете на сликама

Click here to take the quiz!

General Stats

  • This quiz has been taken 682 times
  • The average score is 7 of 8

Answer Stats

Answer% Correct
Земља
100%
Сатурн
98%
Марс
88%
Венера
84%
Нептун
81%
Јупитер
75%
Уран
65%
Меркур
62%

Score Distribution

Percentile by Number Answered

Percent of People with Each Score

Your Score History

You have not taken this quiz